Minería en Colombia : (Registro nro. 8095)

Detalles MARC
000 -CABECERA
Campo de control 02231nam a22003977a 4500
005 - FECHA Y HORA DE LA ULTIMA TRANSACCION
Campo de control 20200203163923.0
008 - ELEMENTOS DE LONGITUD FIJA—INFORMACION GENERAL
Campo de control 140117b2013 ck ||||| ||||o00| 0 spa d
040 ## - FUENTE DE CATALOGACIÓN
Agencia catalogadora original CO-BoIAVH
Agencia transcriptora CO-BoIAVH
041 0# - IDIOMA
Código de idioma para texto/pista de sonido o título separado Español
044 ## - PAÍS DE PUBLICACIÓN
País de publicación Colombia
082 04 - NUMERO DE CLASIFICACION DECIMAL DEWEY
Número de clasificación 320.12
Número del ítem C76m2
245 00 - MENCION DE TITULO
Título Minería en Colombia :
Parte restante del título institucionalidad y territorio, paradojas y conflictos /
Mención de responsabilidad Luis Jorge Garay ..[et al.]
250 ## - MENCION DE EDICION
Mención de edición v. 2
260 ## - PUBLICACION, DISTRIBUCION, ETC. (PIE DE IMPRENTA)
Lugar de publicación, distribución, etc. Bogotá :
Nombre del editor, distribuidor, etc. Contraloría General de la República,
Fecha de publicación, distribución, etc. 2013.
300 ## - DESCRIPCION FISICA
Extensión 338 p.
Otros detalles físicos il., tablas, mapas
Dimensiones 25 cm.
500 ## - NOTA GENERAL
Nota general VOLUMEN 2
504 ## - NOTA DE BIBLIOGRAFIA, ETC.
Nota de bibliografía Incluye referencias bibliográficas e índice.
505 ## - NOTA DE CONTENIDO
Nota de contenido Cap. 1 La paradoja minera y el desarrollo. Análisis departamental y municipal para el caso de Colombia (pag. 27)
505 ## - NOTA DE CONTENIDO
Nota de contenido Cap. 2 Economía política, fallas en regulación e institucionalidad ambiental en Colombia: Casos de estudio (pag 85)
505 ## - NOTA DE CONTENIDO
Nota de contenido Cap. 3 La conflictividad por el territorio, el control de los RNNR y la renta minera. El choque de la locomotoras mineras en Colombia (pag. 143)
505 ## - NOTA DE CONTENIDO
Nota de contenido Cap. 4 Una aproximación sintética sobre impactos ambientales de la minería no legal (pag. 193)
505 ## - NOTA DE CONTENIDO
Nota de contenido Cap. 5 Implicaciones de la minería del carbón en el ambiente y la salud humana: una aproximación abreviada al estado del arte (229)
505 ## - NOTA DE CONTENIDO
Nota de contenido Cap. 6 Extracción minera y consulta previa a pueblos indígenas y tribales: compilación y análisis de estándares internacionales (pag. 253)
505 ## - NOTA DE CONTENIDO
Nota de contenido Cap. 7 Consulta previa: consideraciones constitucionales - perspectiva nacional (pag. 281)
650 14 - ASIENTO SECUNDARIO DE MATERIA - TERMINO TEMATICO
Término temático o nombre geográfico como elemento de entrada Geopolítica
Subdivisión geográfica Colombia
650 24 - ASIENTO SECUNDARIO DE MATERIA - TERMINO TEMATICO
Término temático o nombre geográfico como elemento de entrada Territorio nacional
Subdivisión geográfica Colombia
650 24 - ASIENTO SECUNDARIO DE MATERIA - TERMINO TEMATICO
Término temático o nombre geográfico como elemento de entrada Política minera
Subdivisión geográfica Colombia
650 24 - ASIENTO SECUNDARIO DE MATERIA - TERMINO TEMATICO
Término temático o nombre geográfico como elemento de entrada Economía política
Subdivisión geográfica Colombia
650 24 - ASIENTO SECUNDARIO DE MATERIA - TERMINO TEMATICO
Término temático o nombre geográfico como elemento de entrada Derecho minero
Subdivisión general Legislación
Subdivisión geográfica Colombia
650 24 - ASIENTO SECUNDARIO DE MATERIA - TERMINO TEMATICO
Término temático o nombre geográfico como elemento de entrada Impacto ambiental
Subdivisión geográfica Colombia
700 1# - ASIENTO SECUNDARIO - NOMBRE PERSONAL
Nombre personal Garay-Salamanca, Luis Jorge
Término de relación Dir. Proyecto
700 1# - ASIENTO SECUNDARIO - NOMBRE PERSONAL
Nombre personal Rudas-Lleras, Guillermo
Término de relación Ed.
700 1# - ASIENTO SECUNDARIO - NOMBRE PERSONAL
Nombre personal Espitia-Zamora, Jorge Enrique
Término de relación Ed-
856 ## - LOCALIZACION Y ACCESO ELECTRONICOS
Identificador Uniforme del Recurso http://redjusticiaambientalcolombia.files.wordpress.com/2014/01/mineria-en-colombia-contraloria-vol-ii.pdf
942 ## - ELEMENTOS ADICIONALES (KOHA)
Sistema de clasificación Dewey Decimal Classification
Tipo de ítem Impreso
Koha issues (borrowed), all copies 5
Existencias
Withdrawn status Lost status Sistema de Clasificación Damaged status No para préstamo Colección Inventariado Ubicación Permanente Ubicación actual Fecha de adquisición Fuente de Valor Valor Total Checkouts Número topográfico Inventario / Código de Barras Date last seen Date checked out Ejemplar Price effective from Tipo de material Forma de adquisición
    Dewey Decimal Classification     General Inventariado 2017 Bogotá Bogotá 17/01/2014 Instituto 39000.00 5 LB-320.12 C76m2 059664 04/10/2017 04/10/2017 Ej. 1 17/01/2014 Libro  
    Dewey Decimal Classification     Audiovisual   Bogotá Bogotá 17/01/2014 Nohora Alvaado     LB-320.12 C76m2 059665 17/01/2014   Ej. 2 17/01/2014 CD-ROM  
    Dewey Decimal Classification     General   Bogotá Bogotá 03/02/2020       LB-320.12 C76m2 044073 03/02/2020   Ej. 4 03/02/2020 Libro Donación
    Dewey Decimal Classification     General Inventariado 2017 Sala Fabio Quevedo Sala Fabio Quevedo 12/09/2014 Instituto 39000.00   LB-320.12 C76m2 038358 12/09/2014   Ej. 3 12/09/2014 Libro